| 000 | 00641nam a2200157 a 4500 | ||
|---|---|---|---|
| 008 | 120416s1965 ||||||||||||||||| || u | ||
| 050 | _aTA 405 Bre | ||
| 100 | _aBreneman, John W | ||
| 245 | 1 | 0 | _aStrength of materials |
| 250 | _a3rd ed. | ||
| 260 |
_aNew York _bMcGraw-Hill _c1965 |
||
| 300 | _ax, 192p. : ill | ||
| 350 | _a0.00 | ||
| 995 |
_aBINDERY (DAMAGED) _D0.00 _e716861 _FCBU-MAIN LIBRARY (Kitwe) _H1 _I3.35 _jTA 405 Bre _M1 _UAVAILABLE _y014190 _ZMain Library Open Access Collection |
||
| 995 |
_aMAIN LIBRARY OPEN ACCESS _D0.00 _e714092 _FCBU-MAIN LIBRARY (Kitwe) _H2 _I3.35 _jTA 405 Bre _M2 _UAVAILABLE _y014191 _ZMain Library Open Access Collection |
||
| 999 |
_c76885 _d76885 |
||